• 首页
  • 本馆介绍
  • 公告通知
  • 最新文献
  • 馆藏检索
  • 电子资源
  • 读者导购
  • 参考咨询
  • 我的图书馆
  • 登录
  • 详细信息显示
  • 放入我的书架
  • 预约/预借图书
  • 作者相关作品
  • 分类相关作品
  • 丛书相关作品
  • 出版社相关作品

书目信息

  • 表格格式
  • 工作单格式
  • 卡片格式
题名:
造福人类的基因工程
    
 
作者: 李华金 编著
分册:  
出版信息: 北京   现代出版社  2012.12
页数: 224页
开本: 23cm
丛书名:
单 册:
中图分类: Q78-49 , Q78
科图分类:
主题词: 基因工程--少年读物
电子资源:
ISBN: 978-7-5143-0796-2
000 00817nam0 2200241 450
001 2372749615
005 20231109104325.62
010    @a978-7-5143-0796-2@dCNY39.80
100    @a20130929d2012 demy0chiy50 ea
101 0  @achi
102    @aCN@b110000
105    @aa z 000yy
200 1  @a造福人类的基因工程@Azao fu ren lei de ji yin gong cheng@f李华金编著
210    @a北京@c现代出版社@d2012.12
215    @a224页@c图@d23cm
300    @a科技探索·奥秘生命
330    @a本书是一本介绍基因工程方面的科普类图书。基因工程是利用DNA重组技术,将目的基因与载体DNA在体外进行重组,然后把这种重组DNA分子引入受体细胞,并使之增殖和表达的技术。
606 0  @a基因工程@j少年读物
690    @aQ78-49@v5
690    @aQ78@v4
701  0 @a李华金@Ali hua jin@4编著
801  0 @aCN@b山东中教@c20230926
905    @aBZT@dQ78@e14
    
    造福人类的基因工程/李华金编著.-北京:现代出版社,2012.12
    224页:图;23cm
    科技探索·奥秘生命
    
    ISBN 978-7-5143-0796-2:CNY39.80
    本书是一本介绍基因工程方面的科普类图书。基因工程是利用DNA重组技术,将目的基因与载体DNA在体外进行重组,然后把这种重组DNA分子引入受体细胞,并使之增殖和表达的技术。
●
相关链接 在五车中查询图书 在当当中查询图书 在豆瓣中查询图书


正题名:造福人类的基因工程     索取号:Q78/14         预约/预借

序号 登录号 条形码 馆藏地/架位号 状态 备注
1 2000951871   2000951871   214主题书屋/四29架A面4层1列/ [索取号:Q78/14] 在馆    
2 2000951872   2000951872   214主题书屋/四29架A面4层1列/ [索取号:Q78/14] 在馆    
3 2000951873   2000951873   214主题书屋/四29架A面4层1列/ [索取号:Q78/14] 在馆    
4 2000951874   2000951874   214主题书屋/四29架A面4层1列/ [索取号:Q78/14] 在馆    
5 2000951875   2000951875   214主题书屋/四29架A面4层1列/ [索取号:Q78/14] 在馆    
6 2000951876   2000951876   214主题书屋/四29架A面4层1列/ [索取号:Q78/14] 在馆    
山东省滨州职业学院图书馆 欢迎您!
大连网信软件有限公司© 版权所有